Leonardo, Descartes, Max Weber : (Record no. 31897)
[ view plain ]
| 000 -LEADER | |
|---|---|
| fixed length control field | 00965nam a2200277 a 4500 |
| 001 - CONTROL NUMBER | |
| control field | 31897 |
| 003 - CONTROL NUMBER IDENTIFIER | |
| rucl marc code | BD-RjUL |
| 005 - DATE AND TIME OF LATEST TRANSACTION | |
| control field | 20211209051749.0 |
| 008 - FIXED-LENGTH DATA ELEMENTS--GENERAL INFORMATION | |
| fixed length control field | 140422t19651964enk 000 0 eng d |
| 035 ## - SYSTEM CONTROL NUMBER | |
| System control number | (BD-RjUL)31985 |
| 040 ## - CATALOGING SOURCE | |
| Original cataloging agency | IAD |
| Transcribing agency | IAD |
| Modifying agency | UKM |
| -- | EQO |
| -- | BD-RjUL |
| Language of cataloging | eng |
| 041 ## - LANGUAGE CODE | |
| Language code of text/sound track or separate title | eng |
| 082 ## - DEWEY DECIMAL CLASSIFICATION NUMBER | |
| Classification number | 194 |
| Edition number | 18 |
| Author mark and year | JAL 1965 |
| 090 ## - LOCALLY ASSIGNED LC-TYPE CALL NUMBER (OCLC); LOCAL CALL NUMBER (OCLC) | |
| Classification number (OCLC) (R) ; Classification number, CALL (RLIN) (NR) | B785.L3954 |
| Local cutter number (OCLC) ; Book number/undivided call number, CALL (RLIN) | J3 1965 |
| 100 1# - MAIN ENTRY--PERSONAL NAME | |
| Personal name | Jaspers, Karl, |
| Dates associated with a name | 1883-1969. |
| 9 (RLIN) | 97094 |
| 245 10 - TITLE STATEMENT | |
| Title | Leonardo, Descartes, Max Weber : |
| Remainder of title | three essays / |
| Statement of responsibility, etc. | Karl Jaspers, Translated by Ralph Manheim |
| 260 ## - PUBLICATION, DISTRIBUTION, ETC. (IMPRINT) | |
| Place of publication, distribution, etc. | London : |
| Name of publisher, distributor, etc. | Routledge & K. Paul, |
| Date of publication, distribution, etc. | c1964 [Reprinted 1965] |
| 300 ## - PHYSICAL DESCRIPTION | |
| Pagination | vii, 274 p. ; |
| Size | 22 cm |
| 500 ## - GENERAL NOTE | |
| General note | Some editions have title: Three essays: Leonardo, Descartes, Max Weber |
| 600 00 - SUBJECT ADDED ENTRY--PERSONAL NAME | |
| Personal name | Leonardo, |
| Titles and other words associated with a name | da Vinci, |
| Dates associated with a name | 1452-1519. |
| Personal name | Descartes, RenΓ©, |
| Dates associated with a name | 1596-1650. |
| Personal name | Weber, Max, |
| Dates associated with a name | 1864-1920. |
| 942 ## - ADDED ENTRY ELEMENTS (KOHA) | |
| Source of classification or shelving scheme | Dewey Decimal Classification |
| Koha item type | Books |
| Lost status | Source of classification or shelving scheme | Damaged status | Not for loan | Collection code | Permanent Location | Current Location | Shelving location | Date acquired | Source of acquisition | Cost, normal purchase price | Total Checkouts | Full call number | Date last seen | Copy number | Koha item type |
|---|---|---|---|---|---|---|---|---|---|---|---|---|---|---|---|
| Dewey Decimal Classification | Not For Loan | Non-fiction | Central Library, University of Rajshahi | Central Library, University of Rajshahi | Reading Room | 10/05/1968 | Zeitlinger | 30.00 | 194 JAL 1965 | 22/04/2014 | C-1 | Books |